Sports Quiz

Random Sports or Baseball Quiz
Score 0/20 Timer 02:00
0 Plays Today
Question Answer Wrong Answers
Pitcher CC Sabathi_
90.6%
0%
Infielder Starlin Castr_
90.6%
3.8%
Pitcher Mike Mussin_
88.7%
3.8%
Infielder Phil Rizzut_
88.7%
3.8%
Pitcher Ramiro Mendoz_
88.7%
5.7%
Pitcher Phil Niekr_
88.7%
3.8%
Outfielder Lou Piniell_
88.7%
3.8%
Pitcher Rafael Sorian_
88.7%
3.8%
Catcher Yogi Berr_
88.7%
1.9%
Pitcher Luis Severin_
86.8%
5.7%
Outfielder Joe DiMaggi_
84.9%
3.8%
Outfielder Melky Cabrer_
84.9%
5.7%
Infielder Mark Teixeir_
84.9%
3.8%
Infielder Robinson Can_
84.9%
7.5%
Pitcher Mariano River_
83%
3.8%
Catcher Jorge Posad_
83%
7.5%
Infielder Luis Soj_
81.1%
7.5%
Pitcher Ivan Nov_
81.1%
7.5%
Infielder Mike Galleg_
81.1%
5.7%
Infielder Mike Pagliarul_
75.5%
15.1%
Remove Ads.
Support Sporcle.
Get the best of Sporcle when you Go Orange. This ad-free experience offers more features, more stats, and more fun while also helping to support Sporcle. Thank you for becoming a member.

You're not logged in!

Compare scores with friends on all Sporcle quizzes.
OR
Log In

Sporcle TV

Today on Sporcle TV


Watch our educational content, quiz creation guides, and fun videos on Sporcle TV.

Show Comments

Extras

Top Quizzes Today


Score Distribution

Paid Content

Your Account Isn't Verified!

In order to create a playlist on Sporcle, you need to verify the email address you used during registration. Go to your Sporcle Settings to finish the process.

Report this User

Report this user for behavior that violates our Community Guidelines.

Details: